000 00470nam a2200145 4500
001 126637
003 ES-MaACL
007 t|
008 070214s1934 sp r ||||1| spa d
100 1 _aResa, Rafael.
_996311
245 1 3 _aLa hernia
_b: (con ligeras nociones de su tratamiento operatorio y de las operaciones en general) /
_cpor Rafael Resa.
260 _aMadrid :
_b[s. n.],
_c1934 (
_fImp. Rot)
300 _a125 p. ;
_c18 cm.
852 _aES-MaACL
_jB-9743
_bR.18520
999 _c126637
_d126637